Communicating for managerial effectiveness:Problems, strategies and solutions (Record no. 2185)

MARC details
000 -LEADER
fixed length control field 00423nam a2200157Ia 4500
008 - FIXED-LENGTH DATA ELEMENTS--GENERAL INFORMATION
fixed length control field 130318s9999 xx 000 0 und d
020 ## - INTERNATIONAL STANDARD BOOK NUMBER
International Standard Book Number 9781412970884
082 ## - DEWEY DECIMAL CLASSIFICATION NUMBER
Classification number 658.45 CLA/C
100 ## - MAIN ENTRY--PERSONAL NAME
Personal name Clampitt, Philip G
245 ## - TITLE STATEMENT
Title Communicating for managerial effectiveness:Problems, strategies and solutions
250 ## - EDITION STATEMENT
Edition statement 4
260 ## - PUBLICATION, DISTRIBUTION, ETC.
Name of publisher, distributor, etc. Sage
Place of publication, distribution, etc. U.S.A
Date of publication, distribution, etc. 2010
300 ## - PHYSICAL DESCRIPTION
Extent 285
650 ## - SUBJECT ADDED ENTRY--TOPICAL TERM
Topical term or geographic name entry element COMMUNICATION
650 ## - SUBJECT ADDED ENTRY--TOPICAL TERM
Topical term or geographic name entry element MANAGEMENT
Holdings
Withdrawn status Lost status Damaged status Not for loan Collection code Home library Current library Shelving location Date acquired Cost, normal purchase price Total Checkouts Full call number Barcode Date last seen Price effective from Koha item type
        Business Communications Kerala University of Digital Sciences, Innovation and Technology Knowledge Centre Kerala University of Digital Sciences, Innovation and Technology Knowledge Centre Management 18/03/2013 4670.00   658.45 CLA/C 2202 18/03/2013 18/03/2013 Books